Science Quiz

Random Science or Clickable Quiz

APES 2017 Annie Ye Chapter 1 Quiz Stats

Quiz not verified by Sporcle

Challenge
Share
Tweet
Embed
Score 0/27 Timer 20:00
0 Plays Today
% Correct
Chemical Cycling
80%
Organisms
75%
Pollution
75%
Nutrients
70%
Renewable Resource or Inexhaustible Resource
70%
Nonpoint sources
70%
gross domestic product (GDP)
70%
per capita GDP
70%
ecology
65%
Environmentalism
60%
Natural services
60%
Sustainable Yield
60%
Point sources
60%
Environmental science
55%
% Correct
Ecosystem
55%
Biodiversity
55%
Natural resources
55%
Resources
55%
Nonrenewable Resources or Exhaustible Resources
55%
solar capital
55%
biology
50%
Solar Energy
50%
sustainability
50%
Environment
45%
environmentally sustainable society
45%
Natural capital
40%
natural income
25%

You're not logged in!

Compare scores with friends on all Sporcle quizzes.
Sign Up with Email
OR
Log In

You Might Also Like...

Show Comments

Extras

Top Quizzes Today


Score Distribution

Your Account Isn't Verified!

In order to create a playlist on Sporcle, you need to verify the email address you used during registration. Go to your Sporcle Settings to finish the process.